Quizzes
Events
Quiz Creation
Community
Videos
Private Events
Remove Ads
Sign In
Join for FREE
Feedback
Dark Mode
Quiz Categories
Sports
Geography
Music
Movies
Television
Just For Fun
Miscellaneous
History
Literature
Language
Science
Gaming
Entertainment
Religion
Holiday
For Kids
Quiz Lab
Recent
Popular Today
Quiz Kudos Today
Editor Picks
Curator Picks
Quizzes by...
Day
Popularity
Type
Ratings
Length
Year
Community
Subscriptions
Recent Discussions
Orange Saloon
Badges
Playlists
Quests
Create
Leaderboards
Showdown
Live 5
Trivia Bingo
Activity
Puzzle Library
Sporcle Events
Private Events
Virtual Trivia
Globe League
Become a Host
Pub Owners
SporcleCon
Opinionation
Our Games
Videos
Blog
Mobile Apps
Partnerships
Remove Ads and Go Orange
Feedback
Geography
Country
Landmarks
City
State
Population
World
Capital
Continent
Flags
Europe
Africa
Asia
South America
North America
Oceania
Border
Canada
United Kingdom
Topography
United States
Geography
Country
Landmarks
City
State
Population
World
Capital
Continent
Flags
Europe
Africa
Asia
South America
North America
Oceania
Border
Canada
United Kingdom
Topography
United States
Random Quiz
Search Sporcle
×
Quiz Lab
Quiz Lab
Geography
United States
Type in answers that appear in a list
Type in answers that appear in a list
Classic
Best Score? Go Orange.
US States trivia Stats
Can you name the US States for which this fact/trivia applies?
By
dands999
6m
30 Questions
259 Plays
259 Plays
259 Plays
Comments
Comments
Give Quiz Kudos
Give Quiz Kudos
-
- Ratings
hide this ad
Forced Order
Answers have to be entered in order
Answers have to be entered in order
Random Order
Randomize order of answers
Randomize order of answers
Replay
Link that replays current quiz
Next Quiz
Link to next quiz in quiz playlist
You Got
0%
They Got
Avg Score
24%
Avg Friend Score
Upgrade to see
Score Distribution
Jump to the score distribution portion of the page
Score
0/30
Timer
06:00
0
Plays Today
Fact/Trivia
US State
% Correct
Contains then geographical center of the 48 contiguous states
Kansas
68.3%
Had the 1st Wal-
Mart store
Arkansas
61.8%
Has the least populated State Capital
Vermont
49.8%
Is the only one to have had 6 different national flags
Texas
49%
Has the oldest subway system
Massachusetts
40.5%
Has the highest (above sea level) State Capital
New Mexico
34.4%
Has the deepest lake
Oregon
34.4%
Is the only one whose east and west borders are formed by rivers
Iowa
32.4%
Does not have any National Park units
Delaware
29%
Has the city with the highest rate of lightening strikes per capita
Florida
29%
Produces the most copper
Arizona
20.1%
Had the 1st designated National Monument
Wyoming
18.9%
Has the oldest State University
North Carolina
18.1%
Grows the most sunflowers
North Dakota
17.4%
Has the tallest State Capitol
Louisiana
17%
Fact/Trivia
US State
% Correct
Had the 1st traffic light
Ohio
16.6%
Has the only floating Post Office in the world
Michigan
16.2%
Has the longest continuous street
Colorado
15.8%
Contains the Covered Bridge Capital of the world
Indiana
15.4%
Has the highest number of personalized number plates
Illinois
14.7%
Produces the most toothpicks
Maine
14.7%
Raises the most turkeys
California
14.3%
Has the largest man-
made geyser
Idaho
12.7%
Has the world's smallest church
New York
12.7%
Contains the only city built within a meteor crater
Kentucky
12.4%
Had the 1st parking meter
Oklahoma
12.4%
Has the most miles of river
Nebraska
12%
Has the largest underground gold mine
South Dakota
11.6%
Has the tallest water tower in the world
New Jersey
10.8%
Had the world's 1st Electric Trolley system
Alabama
10.4%
Quiz Playlist
Details
Report
Send in Message
Add To Playlist
Classic:
Type in answers that appear in a list
Forced Order:
Answers have to be entered in order
Random Order:
Randomize order of answers
Quiz Source
Last Updated: Feb 16, 2017
Quiz Scoreboard
CHALLENGE
Sign Up to Join the Scoreboard
Show All
Scores
Hide
Comments
May contain spoilers
Recently Published
TV Characters by Other Roles V
by ghcgh
Television
5m
Decade Duel: World Leaders
by jenniferyan
History
4m
Alphabetical 'K' Countries by Flag Minefield
by ylime102
Geography
3m
More to Explore
Quiz From the Vault
Featured Blog Post
15 Basketball Trivia Facts You Can Be March Mad About
hide this ad
You Might Also Like...
Tags
United States Quiz
Today's Top Quizzes in Geography
Browse Geography
hide this ad
Today's Top Quizzes in United States
Browse United States
Top Contributed Quizzes in Geography
1
Countries of the World - No Outlines Minefield
2
Pick 6: Mountains
3
Least Populated Answer: 'G' Countries
4
Alphabetical 'L' Countries By Flag Minefield
5
Lietuvos savivaldybės (Lithuanian Municipalities)
6
Pick 6: National Parks
7
Pick 6: US States
8
Alphabetical 'M' Countries By Flag Minefield
9
'A' Capitals Crossword
10
Countries of the World: 1800
Explore More
Trending Topics
Kpop
Disney
NBA
Crossword
Marvel
Anime
Harry Potter
Song
Pokémon
The Office
Puzzle
Country
WWE
Soccer
NFL
hide this ad
More By:
dands999
Quiz
Plays
Rating
Category
Featured
Created
US States trivia
259
4.25
Geography
Feb 21, 2011
Go to Creator's Profile
Score Distribution
Quiz Creator Spotlight
dands999
Follow
Send a Message
Quizzes Created
-
Created Quiz Play Count
-
More By This Creator
Popular Quizzes Today
1
Countries of Asia Without Outlines Minefield
2
Find the US States - No Outlines Minefield
3
Pick 6: Fruits
4
The Countries of the World
5
Alphabetical 'K' Countries by Flag Minefield
6
Find the Countries of Europe - No Outlines Minefield
7
US States
8
Find the US States
More Geography Quizzes
Africa by Any 2 Letters Blitz
Published
Trending Quizzes
Pick 6: Mountains
Pick 6: Harry Potter
Pick 6: Flags
Pick 6: NFL Teams
Pick 6: Movie Franchises
Recently Updated
Adaptations: Name the Title
pecheneg
NWSL Teams
pecheneg
Women's Final Four Teams by Year
bhenderson79
Presidents Quartet II
eogle
Anything But Clue(do)
eogle
Anything But Oceanian Capitals
eogle
Anything But 7
eogle
Anything But Thing
eogle
Word Ladder: February 29
pecheneg
Song Title Questions
pecheneg
Trending Topics
Harry Potter
Kpop
Anime
Disney
Marvel
Crossword
NBA
Soccer
WWE
Pokémon
Song
Country
NFL
Puzzle
The Office
Your Account Isn't Verified!
In order to create a playlist on Sporcle, you need to verify the email address you used during registration. Go to your
Sporcle Settings
to finish the process.
Report this User
Report this user for behavior that violates our
Community Guidelines
.
Details:
Send Report
Go to the Sporcle.com Mobile Site →
Comments